Glutamate, cell death and memory
Enregistré dans:
| Auteur principal: | |
|---|---|
| Format: | Livre |
| Langue: | Undetermined |
| Publié: |
Berlin
Springer-Verlag
1991
|
| Sujets: | |
| Tags: |
Ajouter un tag
Pas de tags, Soyez le premier à ajouter un tag!
|
| Thư viện lưu trữ: | Trung tâm Học liệu Trường Đại học Cần Thơ |
|---|
| LEADER | 00480nam a2200181Ia 4500 | ||
|---|---|---|---|
| 001 | CTU_21646 | ||
| 008 | 210402s9999 xx 000 0 und d | ||
| 082 | |a 615.58 | ||
| 082 | |b A813 | ||
| 100 | |a P Ascher | ||
| 245 | 0 | |a Glutamate, cell death and memory | |
| 245 | 0 | |c P Ascher | |
| 260 | |a Berlin | ||
| 260 | |b Springer-Verlag | ||
| 260 | |c 1991 | ||
| 650 | |a drugs,pharmacology,therapeutics | ||
| 904 | |i Minh, 980116 | ||
| 980 | |a Trung tâm Học liệu Trường Đại học Cần Thơ | ||